000
00252nam a22000857a 4500
008
170609b xxu||||| |||| 00| 0 eng d
100
_9
3344
_a
Misra R. R
245
_a
New course science and technology chemistry-IX
260
_a
New Delhi
_b
Arya publication
_c
2005
999
_c
6673
_d
6673